01029nab a22002177a 4500003000400000005001700004008004100021040000700062100002400069245012200093260007300215300001400288500003700302505012700339505008100466650001800547650004000565650001700605700004000622773014900662OSt20260213121634.0190429b xxu||||| |||| 00| 0 spa d cPJ aBonavena, Alejandra13aEl dilema de la prescripción en el abuso sexual infantil /cAlejandra Bonavena, Gonzalo García Carrón Bonavena. cCiudad Autónoma de Buenos Aires :aThomson Reuters La Ley, b2024. ap. 96-103 aCita: TR LALEY AR/DOC/1096/2024. aSumario: I. Introducción.— II. Hechos del caso. Resolución judicial.— III. Posturas vigentes.— IV. Conclusiones. tSi te interesa el texto completo, solicitalo a koha@justierradelfuego.gov.ar 0aDERECHO PENAL 0aPRESCRIPCIÓN DE LA ACCIÓN PENAL 0aABUSO SEXUAL aGarcía Carrón Bonavena, Gonzalo0 02658tRevista de derecho penal y criminología. Nº 7 - Junio 2024dCiudad Autónoma de Buenos Aires : Thomson Reuters La Ley, 2017-x00347914